Optics and Photonics News

Salvato in:
Dettagli Bibliografici
Natura: Periodico
Pubblicazione: 1999
Tags: Aggiungi Tag
Nessun Tag, puoi essere il primo ad aggiungerne!!

MARC

LEADER 00000nas a22000003a 4500
001 stu72540
005 20141121230016.4
008 011106s1999----------------------------d
040 |a STU  |b slo 
041 0
245 |a Optics and Photonics News 
260 |c 1999 
500 |a 1999 
500 |a 12 
500 |a 1-12 
773 0 |t Optics and Photonics News  |w stu_us_cat*stu60157  |x 1047-6938  |7 nnas 
996 |d Vol. 10, 1999  |v Vol. 10  |y 1999  |l EE0103  |s A  |a 24  |w stu72540_0001